Socioeconomic and Enviromentla Ranking of Micro-regions in Czechia

Vykonáva sa nová metóda socioekonomického hodnotenia Čiech, ktorá testuje ekonomickú, sociodemografickú a sociálnopatologickú oblasť na mikroregionálnej úrovni. Príčiny priestorových rozdielov a meranie socioekonomickej kvality životného prostredia pomocou objektívnych ukazovateľov.

Enregistré dans:
Détails bibliographiques
Auteur principal: Anděl, Jiří
Autres auteurs: Balej, Martin
Format: Chapitre de livre
Langue:anglais
Sujets:
Tags: Ajouter un tag
Pas de tags, Soyez le premier à ajouter un tag!

MARC

LEADER 00000naa a2200000 4500
001 0288301
005 20240417075216.8
041 0 |a eng 
044 |a CZ 
245 1 0 |a Socioeconomic and Enviromentla Ranking of Micro-regions in Czechia  |c Jiří Anděl, Martin Balej 
520 |a Vykonáva sa nová metóda socioekonomického hodnotenia Čiech, ktorá testuje ekonomickú, sociodemografickú a sociálnopatologickú oblasť na mikroregionálnej úrovni. Príčiny priestorových rozdielov a meranie socioekonomickej kvality životného prostredia pomocou objektívnych ukazovateľov. 
610 2 0 |a Česko 
610 2 0 |a prostredie životné 
610 2 0 |a prostredie ekonomické 
610 2 0 |a prostredie prírodné 
610 2 0 |a prostredie sociálne 
610 2 0 |a regióny 
610 2 0 |a rozvoj regionálny 
100 1 |a Anděl, Jiří 
700 1 |a Balej, Martin